[Event "GER-chT U14 Girls"]
[Site "Dittrichshuette"]
[Date "2005.12.28"]
[Round "4.2"]
[White "Van Orsouw, Svenja"]
[Black "Voss, Chantal"]
[Result "1-0"]
[WhiteElo "1424"]
[BlackElo "1474"]
[PlyCount "144"]
[EventDate "2005.12.27"]
[EventType "team-swiss"]
[EventRounds "6"]
[EventCountry "GER"]
[SourceTitle "CBM 110 Extra"]
[Source "ChessBase"]
[SourceDate "2006.03.10"]
[SourceVersion "2"]
[SourceVersionDate "2006.03.10"]
[SourceQuality "1"]
[WhiteTeam "Porz SG U14 Girls"]
[BlackTeam "Nastaetten SC U14 Girls"]
[WhiteTeamCountry "GER"]
[BlackTeamCountry "GER"]

1. e4 e6 2. d4 d5 3. Nc3 Bb4 4. e5 c5 5. Bd2 a6 6. a3 Ba5 7. dxc5 Nd7 8. b4 Bc7 9. f4 Ne7 10. Bd3 b6 11. cxb6 Bxb6 12. Nf3 Bb7 13. Ne2 Rc8 14. Ned4 Nc6 15. c3 Ba7 16. a4 Ne7 17. Qe2 a5 18. b5 Bb6 19. Nb3 Nc5 20. Nxc5 Bxc5 21. Nd4 g6 22. 0-0 Nf5 23. Bxf5 gxf5 24. Kh1 h5 25. Nf3 h4 26. Be3 Bxe3 27. Qxe3 Qc7 28. Rfc1 Ke7 29. Qd4 h3 30. g3 Qc4 31. Kg1 Qe2 32. Qf2 Qd3 33. Qf1 Qc4 34. Qxc4 Rxc4 35. Nd2 Rc7 36. c4 Rhc8 37. c5 Rxc5 38. Rxc5 Rxc5 39. Nb3 Rc2 40. Nxa5 Bc8 41. Rb1 Rc5 42. Rb2 Kd7 43. Kf2 Kc7 44. Ke2 Kb6 45. Nc6 Rc4 46. a5+ Kc7 47. Kd3 Rc5 48. Rc2 Rxc2 49. Kxc2 Bb7 50. Nd4 Ba8 51. Kc3 Bb7 52. Kb4 Kd7 53. Kc5 Kc7 54. a6 Ba8 55. b6+ Kc8 56. b7+ Bxb7 57. axb7+ Kxb7 58. Nc6 Kc7 59. Nb4 Kd7 60. Nd3 Kc7 61. Nf2 Kd7 62. Nxh3 Ke7 63. Ng5 Kf8 64. h3 Kg7 65. g4 fxg4 66. hxg4 Kg6 67. Nf3 Kh7 68. f5 Kh6 69. Nd4 Kg5 70. fxe6 fxe6 71. Nxe6+ Kxg4 72. Kxd5 Kf5 1-0

[Event "GER-chT U14 Girls"]
[Site "Dittrichshuette"]
[Date "2005.12.27"]
[Round "1.2"]
[White "Van Orsouw, Svenja"]
[Black "Biryuk, Svitlana"]
[Result "1-0"]
[WhiteElo "1424"]
[BlackElo "1187"]
[PlyCount "59"]
[EventDate "2005.12.27"]
[EventType "team-swiss"]
[EventRounds "6"]
[EventCountry "GER"]
[SourceTitle "CBM 110 Extra"]
[Source "ChessBase"]
[SourceDate "2006.03.10"]
[SourceVersion "2"]
[SourceVersionDate "2006.03.10"]
[SourceQuality "1"]
[WhiteTeam "Porz SG U14 Girls"]
[BlackTeam "Duesseldorf SF 75 U14 Girls"]
[WhiteTeamCountry "GER"]
[BlackTeamCountry "GER"]

1. e4 c5 2. Nc3 Nc6 3. Bb5 e6 4. Bxc6 bxc6 5. f4 d5 6. d3 Ba6 7. Nf3 Ne7 8. Bd2 g6 9. 0-0 Bg7 10. Qc1 f5 11. e5 0-0 12. Na4 c4 13. Nc5 Qc8 14. Nd4 Re8 15. Ndxe6 Bh8 16. Be3 Bb5 17. a4 Ba6 18. Nxa6 Qxa6 19. Nc7 Qb7 20. Nxa8 Rxa8 21. dxc4 dxc4 22. Rd1 Nd5 23. Bd4 Bg7 24. g3 Bf8 25. Qd2 Rd8 26. Qe2 Nb6 27. Bxb6 Qxb6+ 28. Kg2 Re8 29. Qxc4+ Kh8 30. Qf7 1-0

[Event "GER-ch U14 Girls"]
[Site "Willingen"]
[Date "2005.05.19"]
[Round "7"]
[White "Frey, Alisa"]
[Black "Van Orsouw, Svenja"]
[Result "1/2-1/2"]
[WhiteElo "1495"]
[BlackElo "1421"]
[PlyCount "73"]
[EventDate "2005.05.14"]
[EventType "swiss"]
[EventRounds "9"]
[EventCountry "GER"]
[SourceTitle "CBM 106 Extra"]
[Source "ChessBase"]
[SourceDate "2005.07.01"]
[SourceVersion "1"]
[SourceVersionDate "2005.07.01"]
[SourceQuality "1"]

1. e4 c5 2. Nf3 Nc6 3. d4 cxd4 4. Nxd4 Nf6 5. Nc3 e5 6. Ndb5 d6 7. Bg5 a6 8. Na3 b5 9. Nd5 Be7 10. Bxf6 Bxf6 11. c3 0-0 12. Nc2 Bg5 13. a4 bxa4 14. Rxa4 a5 15. Bc4 Rb8 16. Ra2 Kh8 17. 0-0 f5 18. Qd3 f4 19. f3 Bh4 20. Rd1 Qg5 21. b3 Qg6 22. Na3 Rd8 23. Rad2 Ne7 24. Rb1 Be6 25. Nxe7 Bxe7 26. Bxe6 Qxe6 27. Qd5 Qxd5 28. Rxd5 Rdc8 29. Rd3 d5 30. Nc2 d4 31. c4 Rxc4 32. Rc1 Rc3 33. Rxc3 dxc3 34. Na1 Bb4 35. Kf2 Kg8 36. Ke2 Kf7 37. Kd3 1/2-1/2

[Event "GER-ch U14 Girls"]
[Site "Willingen"]
[Date "2005.05.15"]
[Round "2"]
[White "Van Orsouw, Svenja"]
[Black "Schultheiss, Vera"]
[Result "1/2-1/2"]
[WhiteElo "1421"]
[BlackElo "1115"]
[PlyCount "87"]
[EventDate "2005.05.14"]
[EventType "swiss"]
[EventRounds "9"]
[EventCountry "GER"]
[SourceTitle "CBM 106 Extra"]
[Source "ChessBase"]
[SourceDate "2005.07.01"]
[SourceVersion "1"]
[SourceVersionDate "2005.07.01"]
[SourceQuality "1"]

1. e4 e6 2. d4 d5 3. Nc3 Bb4 4. e5 Ne7 5. a3 Ba5 6. b4 Bb6 7. Na4 Bd7 8. Nxb6 axb6 9. Bd3 Ng6 10. Ne2 Qe7 11. c3 c5 12. Bc2 c4 13. 0-0 0-0 14. Ng3 Qe8 15. a4 Nc6 16. b5 Nce7 17. Ba3 f6 18. f4 f5 19. Bb2 Qd8 20. Qe1 Be8 21. Ne2 Bf7 22. h3 Nc8 23. Qf2 Kh8 24. g4 Nh4 25. Ng3 Bg6 26. g5 Be8 27. Ne2 Ng6 28. Qh2 Rg8 29. h4 h6 30. Kh1 h5 31. Ng3 Nge7 32. Bd1 g6 33. Bf3 Rg7 34. Qe2 Rh7 35. Ba3 Qd7 36. Bb4 Kg8 37. Rfe1 Kh8 38. Qe3 Kg8 39. Bd1 Kh8 40. Bc2 Rg7 41. Re2 Kg8 42. Ree1 Kh8 43. Bd6 Bf7 44. Bb4 1/2-1/2

[Event "NRW-ch U14 Girls"]
[Site "Kranenburg"]
[Date "2005.04.02"]
[Round "7"]
[White "Stroessner, Lena"]
[Black "Van Orsouw, Svenja"]
[Result "0-1"]
[WhiteElo "1344"]
[BlackElo "1346"]
[PlyCount "56"]
[EventDate "2005.03.28"]
[EventType "swiss"]
[EventRounds "7"]
[EventCountry "GER"]
[SourceTitle "CBM 105 Extra"]
[Source "ChessBase"]
[SourceDate "2005.05.01"]
[SourceVersion "1"]
[SourceVersionDate "2005.05.01"]
[SourceQuality "1"]

1. d4 Nf6 2. Nf3 d6 3. Bf4 g6 4. e3 Bg7 5. Be2 0-0 6. 0-0 Nc6 7. h3 Nh5 8. Bh2 f5 9. c4 e5 10. Nc3 f4 11. Qd2 e4 12. Nxe4 fxe3 13. fxe3 Bh6 14. Rad1 Qe7 15. Bd3 Re8 16. d5 Bf5 17. dxc6 Bxe4 18. Nd4 bxc6 19. Bxe4 Qxe4 20. Bf4 Bg7 21. Kh1 c5 22. Nb5 Qb7 23. Qd5+ Qxd5 24. cxd5 Re7 25. b3 a6 26. Na3 Rf8 27. Nc4 Nxf4 28. Rxf4 Rxf4 0-1

[Event "NRW-ch U14 Girls"]
[Site "Kranenburg"]
[Date "2005.03.31"]
[Round "5"]
[White "Van Orsouw, Svenja"]
[Black "Karmann, Anna"]
[Result "0-1"]
[WhiteElo "1346"]
[BlackElo "1631"]
[PlyCount "36"]
[EventDate "2005.03.28"]
[EventType "swiss"]
[EventRounds "7"]
[EventCountry "GER"]
[SourceTitle "CBM 105 Extra"]
[Source "ChessBase"]
[SourceDate "2005.05.01"]
[SourceVersion "1"]
[SourceVersionDate "2005.05.01"]
[SourceQuality "1"]

1. e4 e5 2. Nc3 Nc6 3. f4 exf4 4. Nf3 g5 5. h3 d6 6. d4 Bg7 7. Bc4 h6 8. Nh2 Bxd4 9. Nb5 Bg7 10. c3 Nf6 11. Qe2 Qe7 12. Bd3 Ne5 13. Bc2 Be6 14. b3 b6 15. Nd4 0-0-0 16. Nxe6 Qxe6 17. Bb2 Rhe8 18. 0-0-0 Ng6 0-1